Letter From England -1908 (Record no. 1222441)

MARC details
000 -LEADER
fixed length control field 00493nam a2200193Ia 4500
008 - FIXED-LENGTH DATA ELEMENTS--GENERAL INFORMATION
fixed length control field 151121s9999||||xx |||||||||||||| ||und||
082 ## - DEWEY DECIMAL CLASSIFICATION NUMBER
Classification number 910/Kar
082 ## - DEWEY DECIMAL CLASSIFICATION NUMBER
Item number HNW-24108
100 ## - MAIN ENTRY--PERSONAL NAME
Personal name Karandikar R।P।
245 ## - TITLE STATEMENT
Title Letter From England -1908
260 ## - PUBLICATION, DISTRIBUTION, ETC. (IMPRINT)
Name of publisher, distributor, etc "Karandikar, Satara"
260 ## - PUBLICATION, DISTRIBUTION, ETC. (IMPRINT)
Date of publication, distribution, etc --
300 ## - PHYSICAL DESCRIPTION
Extent 336
600 ## - SUBJECT ADDED ENTRY--PERSONAL NAME
Personal name Karandikar R।P।
630 ## - SUBJECT ADDED ENTRY--UNIFORM TITLE
Uniform title Letter From England -1908
700 ## - ADDED ENTRY--PERSONAL NAME
Personal name Karandikar R।P।
730 ## - ADDED ENTRY--UNIFORM TITLE
Uniform title Letter From England -1908
942 ## - ADDED ENTRY ELEMENTS (KOHA)
Koha item type Book
Holdings
Withdrawn status Lost status Damaged status Not for loan Home library Current library Date acquired Total Checkouts Full call number Barcode Date last seen Price effective from Koha item type
        Hirachand Nemchand Wachanalaya, Solapur Hirachand Nemchand Wachanalaya, Solapur 11/21/2015   HNW-24108 HNW-24108 11/21/2015 11/21/2015 Book